| 000 | 00493nam a2200169 u 4500 | ||
|---|---|---|---|
| 001 | 000127450 | ||
| 003 | AM-YeHGA | ||
| 005 | 20250618075854.0 | ||
| 008 | 000117s1960 ai |||||||||||||rus d | ||
| 040 | _aAM-YeHGA | ||
| 100 | 1 | _aКелер, Владимир Романович | |
| 245 | 1 | 0 |
_aНа пороге неведомого / _cВ.Р. Келер. |
| 260 |
_aМосква : _bМол. гвардия :, _c1960. |
||
| 300 | _a222 с. | ||
| 650 | 1 | 4 |
_aФизика _951 |
| 090 | _c508883 | ||
| 999 |
_c505463 _d505463 |
||